书目信息 |
| 题名: |
肥胖病的诊疗与保健
|
|
| 作者: | 秦亚刚 , 韩育民 主编 | |
| 分册: | ||
| 出版信息: | 北京 蓝天出版社 2002 |
|
| 页数: | 278页 | |
| 开本: | 20cm | |
| 丛书名: | 家庭科学医疗丛书 | |
| 单 册: | ||
| 中图分类: | R589.2 | |
| 科图分类: | ||
| 主题词: | 肥胖病--诊疗 , 肥胖病--保健 , CT--S002300--保健 , CT--S021103--肥胖病 | |
| 电子资源: | ||
| ISBN: | 7-80158-238-1 | |
| 000 | 00969oam2 2200301 450 | |
| 001 | 002194426 | |
| 005 | 20061107102140.65 | |
| 010 | @a7-80158-238-1@dCNY13.80 | |
| 035 | @a002194426 | |
| 100 | @a20021121d2002 em y0chiy0110 ea | |
| 101 | 0 | @achi |
| 102 | @aCN@b110000 | |
| 105 | @ay z 000yy | |
| 200 | 1 | @a肥胖病的诊疗与保健@9fei pang bing de zhen liao yu bao jian@f秦亚刚,韩育民主编 |
| 210 | @a北京@c蓝天出版社@d2002 | |
| 215 | @a278页@d20cm | |
| 225 | 2 | @a家庭科学医疗丛书 |
| 330 | @a本书主要内容包括:肥胖病的基础常识;肥胖病的危害;肥胖病的治疗;调养和康复;肥胖病的预防;肥胖病的食疗;常用药物和验方精选。 | |
| 461 | 0 | @1001002194420@12001 @a家庭科学医疗丛书 |
| 606 | 0 | @a肥胖病@x诊疗 |
| 606 | 0 | @a肥胖病@x保健 |
| 606 | 0 | @2CT@3S002300@a保健 |
| 606 | 0 | @2CT@3S021103@a肥胖病 |
| 690 | @aR589.2@v4 | |
| 701 | 0 | @a秦亚刚@9qin ya gang@4主编 |
| 701 | 0 | @a韩育民@9han yu min@4主编 |
| 801 | 0 | @aCN@bNLC@c20061107 |
| 905 | @a10447@dR589.2@e80 | |
| 肥胖病的诊疗与保健/秦亚刚,韩育民主编.-北京:蓝天出版社,2002 |
| 278页;20cm.-(家庭科学医疗丛书) |
| ISBN 7-80158-238-1:CNY13.80 |
| 本书主要内容包括:肥胖病的基础常识;肥胖病的危害;肥胖病的治疗;调养和康复;肥胖病的预防;肥胖病的食疗;常用药物和验方精选。 |
| ● |
| 相关链接 |
|
|
|
|
正题名:肥胖病的诊疗与保健
索取号:R589.2/80
 
预约/预借
| 序号 | 登录号 | 条形码 | 馆藏地/架位号 | 状态 | 备注 |
| 1 | 0381900 | 203819001 | 第二样本阅览室/ [索取号:R589.2/80] | 在馆 | |
| 2 | 0381901 | 203819010 | 第三借阅区/ [索取号:R589.2/80] |
已借出,限还日期为2012.12.13 借出人:赵宏铭 |
|
| 3 | 0381902 | 203819029 | 第三借阅区/ [索取号:R589.2/80] | 在馆 | |
| 4 | 0381903 | 203819038 | 第三借阅区/ [索取号:R589.2/80] | 在馆 |